000 01147nas a2200349 a 4500
003 EG-GICUC
005 20250624114054.0
008 210920s1996 mdufr p 000 0 eng d
022 _a1084-8142
040 _aEG-GiCUC
_beng
_cEG-GiCUC
_erda
049 _aGift
082 0 4 _a302.209605
_b J863
_2 21
092 0 4 _a302.209605
_bJ863
_221
099 _a04
_a302.209605 J863
222 0 _aThe journal of African communications
245 1 0 _aThe journal of African communications.
246 0 0 _aJAC
264 _a Bowie, MD :
_bDept. of Communications, Bowie State University,
_c1996-
300 _av :
_bill;
_c21cm
310 _aSemiannual
336 _atext
_2rda content
337 _aUnmediated
_2rdamedia
338 _avolume
_2rdacarrier
362 1 _aVol. 1, no. 1 (fall 1996)-
500 _aTitle from cover.
541 _aGift ;
_aDr.Awatef Abd Elrahman;
_bCairo ;
_d2020-01-01
650 _aAfricans
_x Communication
_v Periodicals.
650 0 _aCommunication
_z Africa
_v Periodicals.
710 2 _aBowie State University.
_b Department of Communications.
905 _aAbeer
_eAmro
942 _cCR
_n0
999 _c160185
_d160185